| 000 | 00466nam a2200181Ia 4500 | ||
|---|---|---|---|
| 003 | GCL | ||
| 008 | 140319s9999 xx 000 0 eng d | ||
| 040 |
_aGCL / _cGCL |
||
| 082 | 0 | 4 |
_a916.216 _bG B |
| 100 | 1 | _aGRENVILLE, FREEMAN | |
| 245 | 1 | 0 |
_aTHE BEAUTY OF CAIRO / _cGRENVILLE, FREEMAN |
| 260 |
_a[S.N] : _bEAST- WEST PUBLICATIONS ، _c1981 |
||
| 300 | _a127 P | ||
| 650 | 0 | 4 | _aCAIRO, EGYPT |
| 650 | 0 | 4 | _aDESCRIPTION |
| 650 | 0 | 4 | _aGUIDE BOOKS |
| 942 |
_2ddc _cBK |
||
| 999 |
_c19178 _d19178 |
||